La tuberculosis pulmonar (Record no. 36047)

MARC details
000 -LEADER
campo de control de longitud fija 00634nam a2200181 i 4500
001 - NÚMERO DE CONTROL
campo de control 36047
003 - IDENTIFICADOR DE NÚMERO DE CONTROL
campo de control ES-MaACL
005 - FECHA Y HORA DE LA ÚLTIMA TRANSACCIÓN
campo de control 20230906155302.0
007 - CAMPO FIJO DE DESCRIPCIÓN FÍSICA--INFORMACIÓN GENERAL
campo de control de longitud fija t|
008 - DATOS DE LONGITUD FIJA--INFORMACIÓN GENERAL
campo de control de longitud fija 030217s1937 sp ||||1| spa d
100 1# - ENTRADA PRINCIPAL--NOMBRE DE PERSONA
Nombre de persona Braeuning, Hermann.
9 (RLIN) 31273
245 13 - MENCIÓN DEL TÍTULO
Título La tuberculosis pulmonar
Resto del título : hematogena del adulto, su origen y regresión, su evolución /
Mención de responsabilidad, etc. por Hermann Braeuning y Franz Redeker ; traducción de Enrique Oliva Priego.
260 ## - PUBLICACIÓN, DISTRIBUCIÓN, ETC.
Lugar de publicación, distribución, etc. Barcelona :
Nombre del editor, distribuidor, etc. Labor,
Fecha de publicación, distribución, etc. 1937.
300 ## - DESCRIPCIÓN FÍSICA
Extensión VIII, 335 p. ;
Dimensiones 23 cm.
700 1# - ENTRADA AGREGADA--NOMBRE PERSONAL
Nombre de persona Redeker, Franz.
9 (RLIN) 95791
700 1# - ENTRADA AGREGADA--NOMBRE PERSONAL
Nombre de persona Oliva Priego, Enrique.
9 (RLIN) 86740
852 ## - LOCALIZACIÓN
Ubicación ES-MaACL
Número de control de estantería E-1105
Sublocalización o colección R.18002
Holdings
Estatus retirado Estado de pérdida Estado de daño No para préstamo Biblioteca de origen Biblioteca actual Ubicación en estantería Fecha de adquisición Fuente de adquisición Total de préstamos Signatura topográfica completa Código de barras Visto por última vez Precio de reemplazo Tipo de ítem Koha
        Biblioteca del Ateneo de Madrid Biblioteca del Ateneo de Madrid Depósito 2 17/01/2008     E-1105 1037806 23/02/2023 23/02/2023 Libro impreso